| 000 | 02317nam0a2200409 4500 | ||
|---|---|---|---|
| 001 | RU\NLR\BIBL_A\022460367 | ||
| 005 | 20260406143002.0 | ||
| 010 | _a978-5-16-020440-6 | ||
| 035 | _a(NLR Aleph) 022460367 | ||
| 090 |
_a13363550 _c13363550 |
||
| 100 | _a20250218d2025 |||y0rusy50 ca | ||
| 101 | 0 |
_arus _deng |
|
| 102 | _aRU | ||
| 105 | _ay|||z|||000yy | ||
| 181 | 0 |
_ai _bxxxe |
|
| 182 | 0 | _an | |
| 200 | 1 |
_aПравовое регулирование предупреждения изменений климата в России и зарубежных странах _dLegal regulation of climate change prevention in Russia and foreign countries _eмонография _fС. А. Боголюбов, Р. В. Никонов _gпод общей редакцией профессора С. А. Боголюбова _gИнститут законодательства и сравнительного правоведения при Правительстве Российской Федерации _zeng |
|
| 203 |
_aТекст _bвизуальный _cнепосредственный |
||
| 210 |
_aМосква _cИНФРА-М _d2025 (печ. 2024) |
||
| 215 |
_a246, [1] с. _d22 |
||
| 300 | _aАвт. также на англ. яз.: S. A. Bogolyubov, R. V. Nikonov | ||
| 300 | _aРез. англ. | ||
| 320 | _aБиблиогр. в подстроч. примеч. | ||
| 510 | 1 |
_6z23790 _aLegal regulation of climate change prevention in Russia and foreign countries _zeng |
|
| 606 | 1 |
_aКлимат _xИзменения _xМеждународно-правовые вопросы _92287668 _3RU\NLR\AUTH\6601597984 |
|
| 606 | 1 |
_aОкружающая среда _xОхрана _yГосударственное регулирование _92417505 _3RU\NLR\AUTH\6601658735 |
|
| 686 | 1 | _aХ916.9 | |
| 686 | 1 | _aХ621.144 | |
| 686 | 1 | _aХ811.24 | |
| 700 | 1 |
_8rus _7ca _aБоголюбов _bС. А. _f1936- _gСергей Александрович _3RU\NLR\AUTH\773617 _9113611 |
|
| 701 | 1 |
_aНиконов _bР. В. _gРодион Валентинович |
|
| 790 | 1 |
_8rus _7ba _aBogoljubov _bS. A. _f1936- _gSergej Aleksandrovič _3RU\NLR\AUTH\7799956 _982882 |
|
| 790 | 1 |
_6z23 _aNikonov _bR. V. _gRodion Valentinovič |
|
| 942 | _cBOOK | ||
| 980 | _aNB | ||